005459091a2200169 450000500170000000800410001702000180005805000120007610000150008824500490010326000370015230000320018944000190022152000930024065000210033365000210035420140412111303.0140211s1978 xx 000 0 und d a0-394-83912-9 aERbIc1 aSeuss, Dr. aI Can read with my eyes shut!. /cDr. Seuss. aNew York :bRandom House,c1978. a1 v. (unp.) ; ill. ; 24 cm. aBeginner Books aThe Cat in the Hat takes Young Cat in tow to show him the fun he can get out of reading. aStories in rhyme aChildren stories